Logo Biblioteca

Mitos clasificados 1 / (Registro nro. 1055)

Detalles MARC
000 -LEADER
fixed length control field 01822aam a2200361 a 4500
003 - CONTROL NUMBER IDENTIFIER
control field AR-RoUNCS
005 - DATE AND TIME OF LATEST TRANSACTION
control field 20260623163712.0
007 - PHYSICAL DESCRIPTION FIXED FIELD--GENERAL INFORMATION
fixed length control field ta
008 - FIXED-LENGTH DATA ELEMENTS--GENERAL INFORMATION
fixed length control field 121106s2001 ag a |r 00| 1 spa d
020 ## - INTERNATIONAL STANDARD BOOK NUMBER
International Standard Book Number 978-950-753-287-0
040 ## - CATALOGING SOURCE
Original cataloging agency AR-RoUNCS
Language of cataloging spa
Transcribing agency AR-RoUNCS
041 ## - LANGUAGE CODE
Language code of text/sound track or separate title spa
245 00 - TITLE STATEMENT
Title Mitos clasificados 1 /
Statement of responsibility, etc. Homero ... [et al.].
250 ## - EDITION STATEMENT
Edition statement 2a ed.
260 ## - PUBLICATION, DISTRIBUTION, ETC.
Place of publication, distribution, etc. San Isidro :
Name of publisher, distributor, etc. Cántaro,
Date of publication, distribution, etc. c2001.
300 ## - PHYSICAL DESCRIPTION
Extent 138 p. :
Other physical details il. ;
Dimensions 19 cm.
490 0# - SERIES STATEMENT
Series statement Colección del Mirador ;
Volume/sequential designation 154
505 ## - FORMATTED CONTENTS NOTE
Title Puertas de acceso.
Miscellaneous information ¿La mano de Dios? ; El mito clásico ; Mitos y leyendas ; La religión griega ; El culto a los animales ; Los dioses olímpicos ; ¿Cómo eran los dioses? ; Los atributos divinos ; La función de los poetas ; La vida después de la muerte ; El culto a los dioses ; Los héroes ; Los oráculos ; A modo de conclusión.
505 ## - FORMATTED CONTENTS NOTE
Title Los hombres y los dioses.
Miscellaneous information Orfeo y Eurídice ; Filemón y Baucis.
505 ## - FORMATTED CONTENTS NOTE
Title Los hechos de los héroes.<br/>
Miscellaneous information Teseo y Ariadna ; Dánae y Perseo.
505 ## - FORMATTED CONTENTS NOTE
Title El oráculo de Delfos.
Miscellaneous information Edipo ; Antígona.
505 ## - FORMATTED CONTENTS NOTE
Title La guerra de troya.
Miscellaneous information Paris y Helena ; La cólera de Aquiles ; El caballo de Troya ; Penélope y Ulises.
520 ## - SUMMARY, ETC.
Summary, etc. En esta selección se recrean algunos de los principales mitos griegos: las hazañas de Teseo y de Perseo, los hechos sobresalientes de la guerra de Troya, las historias de amor de Orfeo y Eurídice, las desventuras de Aquiles y Ulises, y los trágicos destinos de Edipo y Antígona.
650 #7 - SUBJECT ADDED ENTRY--TOPICAL TERM
Topical term or geographic name entry element Mitología griega
Source of heading or term embne
650 #7 - SUBJECT ADDED ENTRY--TOPICAL TERM
Topical term or geographic name entry element Literatura griega
Source of heading or term embne
655 #7 - INDEX TERM--GENRE/FORM
Genre/form data or focus term Mitos
Source of term embne
700 0# - ADDED ENTRY--PERSONAL NAME
Personal name Homero
Relator term autor
700 0# - ADDED ENTRY--PERSONAL NAME
Personal name Hesíodo
Relator term autor
700 0# - ADDED ENTRY--PERSONAL NAME
Personal name Sófocles
Relator term autor
700 1# - ADDED ENTRY--PERSONAL NAME
Personal name Ovidio Nasón, Publio,
Dates associated with a name 43 a. C.-17 d. C.
Relator term autor
700 0# - ADDED ENTRY--PERSONAL NAME
Personal name Eurípides
Relator term autor
942 ## - ADDED ENTRY ELEMENTS (KOHA)
Source of classification or shelving scheme Universal Decimal Classification
Koha item type Obra General
Suppress in OPAC No
Existencias
Withdrawn status Lost status Source of classification or shelving scheme Damaged status Not for loan Collection Home library Current library Date acquired Source of acquisition Total checkouts Full call number Barcode Date last seen Price effective from Koha item type
    Universal Decimal Classification     Colección General Biblioteca Escuela de Ciencias Sociales Biblioteca Escuela de Ciencias Sociales 23/06/2026 Donación 2026   82-34(38) M684 001536 23/06/2026 23/06/2026 Obra General
Biblioteca de la Escuela Preuniversitaria en Ciencias Sociales y Humanísticas.
Riobamba 250 bis.
CP 2000 - Rosario - Santa Fe
E-Mail: biblioteca@esociales.unr.edu.ar